Lean and innovative company
Štíhla a inovatívna spoločnosť stojí na štyroch pilieroch - štíhla výroba, štíhla administratíva, štíhly vývoj, štíhla logistika. Charakteristika každého z nich. Manažérske nástroje štíhlej spoločnosti.
Uložené v:
| Hlavný autor: | |
|---|---|
| Ďalší autori: | |
| Médium: | Kapitola |
| Jazyk: | English |
| Predmet: | |
| Tagy: |
Žiadne tagy, Buďte prvý, kto otaguje tento záznam!
|
MARC
| LEADER | 00000nla a2200000 4500 | ||
|---|---|---|---|
| 001 | 0226640 | ||
| 005 | 20240502073730.8 | ||
| 041 | 0 | |a eng | |
| 044 | |a SK | ||
| 245 | 1 | 0 | |a Lean and innovative company |c Jaroslav Dugas, Július Kmec |
| 520 | |a Štíhla a inovatívna spoločnosť stojí na štyroch pilieroch - štíhla výroba, štíhla administratíva, štíhly vývoj, štíhla logistika. Charakteristika každého z nich. Manažérske nástroje štíhlej spoločnosti. | ||
| 610 | 2 | 0 | |a spoločnosti |
| 610 | 2 | 0 | |a výroba štíhla |
| 610 | 2 | 0 | |a logistika štíhla |
| 610 | 2 | 0 | |a administratíva |
| 610 | 2 | 0 | |a vývoj podniku |
| 610 | 2 | 0 | |a nástroje riadenia |
| 610 | 2 | 0 | |a zákazníci |
| 100 | 1 | |a Dugas, Jaroslav, 1967- | |
| 700 | 1 | |a Kmec, Július, 1982 | |